000 00676nam a2200205Ia 4500
003 GCL
008 140319s9999 xx 000 0 ara d
040 _aGCL /
_cGCL
082 0 4 _a001.6424
_bا ب
100 1 _aالرشو , درك
245 1 0 _aالبيسك مبادىء اساسية: صخر MSX /
_cالرشو , درك
700 1 _aشوفيلد، بيتر
260 _a[S.N] :
_bمكتبة العالمية للكمبيوتر ،
_c1986
300 _a118 ص
490 _aالكتب الفنية
_v0
650 0 4 _aالحاسبات الالكترونية
650 0 4 _aالبيسك
650 0 4 _aبرامج الحاسبات الالكترونية
942 _2ddc
_cBK
999 _c39758
_d39758